Australie de A à Z - Statistiques

Statistiques générales
  • Ce quiz a été pris 190 fois
  • Le résultat moyen est 9 sur 26
Statistiques - réponses
Lettre Indice Réponse % Correct
S Ville australienne hôte des J.O., mais pas la première Sydney
84%
R Sport dans lequel l'Australie excelle, comme la Nouvelle-Zélande Rugby
82%
E Animal contre lequel l'Australie a lancé une guerre en 1931 Emeu
65%
Z Matériau dont l'Australie est le troisième producteur mondial Zinc
65%
Q Région australienne, réputée pour sa faune et sa flore dangereuse Queensland
63%
U Nom aborigène du plus célèbre rocher d'Australie Uluru
61%
P Pays sous domination australienne jusqu'à la Seconde Guerre Mondiale Papouasie-Nouvelle-Guinée
56%
N Un des deux pays moins densément peuplés que l'Australie Namibie
49%
W Surnom donné à l'équipe nationale australienne de la réponse R Wallabies
49%
V Nom de la pâte à tartiner australienne, réputée au mauvais goût Vegemite
48%
O L'Australie est le premier extracteur mondiale de cette pierre précieuse Opale
45%
A Plus grande ville située dans le désert australien Alice Springs
44%
J Célèbre acteur australien, interprète de Wolverine Jackman
41%
G Pays de la plus grande diaspora de Melbourne, la deuxième du monde Grèce
33%
F Dernier mot de l'hymne australien "Advance Australia..." Fair
28%
T Parti politique qui s'oppose en Australie au Parti Libéral Travailliste
20%
X Siècle d'installation des premiers européens en Australie XVIIIème
18%
Y Péninsule du nord de la réponse Q: du Cap... York
18%
M Plus grand fleuve australien, dans lequel se jette le Darling Murray
10%
C On estime qu'au moins un tiers des Australiens descendent de... Criminels
7%
B Premier nom donné à la ville de Melbourne lors de sa construction Batmania
5%
I Nom donné aux petits promontoires rocheux comme la réponse U Inselberg
4%
D Animal mythique australien, semblable à un immense koala Dropbear
2%
H Premier ministre australien, connu pour avoir disparu en plein mandat Holt
2%
L A l'inverse, point le plus bas d'Australie, et D'Océanie Lac Eyre
2%
K Point culminant de l'Australie "continentale" Koscuiczko
1%
Aucun quiz correspondant
Distribution des résultats
% des personnes avec chaque résultat
Percentile par nombre de réponses
Votre historique - résultats
Vous n’avez pas pris ce quiz